| Tag |
First Indicator |
Second Indicator |
Subfields |
| LEADER |
00000cam a22000004a 4500 |
| 001 |
in00002480821 |
| 005 |
20151110041715.0 |
| 008 |
080310s2008 mdua b 001 0 eng |
| 010 |
|
|
|a 2008011322
|
| 020 |
|
|
|a 9780801890123 (hardcover : alk. paper)
|
| 020 |
|
|
|a 9780801890130 (pbk. : alk. paper)
|
| 020 |
|
|
|a 0801890128 (hardcover : alk. paper)
|
| 020 |
|
|
|a 0801890136 (pbk. : alk. paper)
|
| 035 |
|
|
|a (OCoLC)ocn213765703
|
| 035 |
|
|
|a (OCoLC)213765703
|
| 040 |
|
|
|a DLC
|c DLC
|d BTCTA
|d BAKER
|d YDXCP
|d OCLCG
|d C#P
|d BWX
|d UtOrBLW
|
| 049 |
|
|
|a TXAM
|
| 050 |
0 |
0 |
|a QA174.2
|b .J69 2008
|
| 082 |
0 |
0 |
|a 512/.2
|2 22
|
| 100 |
1 |
|
|a Joyner, David,
|d 1959-
|
| 245 |
1 |
0 |
|a Adventures in group theory :
|b Rubik's cube, Merlin's machine, and other mathematical toys /
|c David Joyner.
|
| 250 |
|
|
|a 2nd ed., Updated and rev. ed.
|
| 264 |
|
1 |
|a Baltimore :
|b Johns Hopkins University Press,
|c 2008.
|
| 300 |
|
|
|a xv, 310 pages :
|b illustrations ;
|c 23 cm.
|
| 336 |
|
|
|a text
|b txt
|2 rdacontent
|
| 337 |
|
|
|a unmediated
|b n
|2 rdamedia
|
| 338 |
|
|
|a volume
|b nc
|2 rdacarrier
|
| 504 |
|
|
|a Includes bibliographical references (pages 299-304) and index.
|
| 650 |
|
0 |
|a Group theory.
|
| 650 |
|
0 |
|a Mathematical recreations.
|
| 856 |
4 |
2 |
|3 Contributor biographical information
|u http://www.loc.gov/catdir/enhancements/fy0829/2008011322-b.html
|t 0
|
| 856 |
4 |
2 |
|3 Publisher description
|u http://www.loc.gov/catdir/enhancements/fy0829/2008011322-d.html
|t 0
|
| 938 |
|
|
|a Baker and Taylor
|b BTCP
|n BK0007774721
|
| 938 |
|
|
|a Baker & Taylor
|b BKTY
|c 60.00
|d 60.00
|i 0801890128
|n 0007774720
|s active
|
| 938 |
|
|
|a Baker & Taylor
|b BKTY
|c 27.50
|d 27.50
|i 0801890136
|n 0007774721
|s active
|
| 938 |
|
|
|a Blackwell Book Service
|b BBUS
|n R3755718
|c $27.50
|
| 938 |
|
|
|a YBP Library Services
|b YANK
|n 2825608
|
| 945 |
|
|
|a PromptCat
|b 602094
|
| 946 |
|
|
|a stk
|
| 947 |
|
|
|a A14837423294
|
| 994 |
|
|
|a 92
|b TXA
|
| 948 |
|
|
|a cataloged
|b h
|d 2009/1/23
|h c
|e asalazar
|f 10:58:11 am
|
| 999 |
|
|
|a MARS
|
| 999 |
f |
f |
|s a3baa2f3-45c2-3ca1-a3bc-d1db3b19a397
|i 83c77a06-8a74-3be5-8592-0206fe8d9576
|t 0
|
| 952 |
f |
f |
|p normal
|a Texas A&M University
|b College Station
|c Sterling C. Evans Library
|d Evans: Library Stacks
|t 0
|e QA174.2 .J69 2008
|h Library of Congress classification
|i unmediated -- volume
|m A14837423294
|
| 998 |
f |
f |
|a QA174.2 .J69 2008
|t 0
|l Evans: Library Stacks
|